Представление документа в формате RUSMARC

ПолеНазваниеЗначение
  Тип записи a
  Библиографический уровень m
001 Контрольный номер e67e07bbcf234262bf572ff767cb09f5
005 Дата корректировки 20260429090419.7
010 Индекс ISBN __
a ISBN 978-5-699-43830-3
d Цена 1550-55
100 Данные общей обработки __
a Данные общей обработки 20241007d2024####am#y0rusy50######ca
101 Язык документа 0_
a Язык текста rus
c Язык оригинала rus
102 Страна публикации __
a Страна публикации RU
200 Заглавие и сведения об ответственности 1_
a Заглавие Вам и не снилось
f Первые сведения об ответственности Щербакова Г.
e Сведения, относящиеся к заглавию [для старшего школьного возраста]
210 Выходные данные 1_
a Место издания Москва
c Издательство ЧИНАР
d Дата издания 2024
215 Физическое описание __
a Объем 176 с.
225 Серия (Журнальная рубрика) 2_
a Серия (Журнальная рубрика) Круг чтения
e Сведения, относящиеся к заглавию серии издание для слабовидящих
300 Общие примечания __
a Общие примечания Текст печатается по изданию: Щербакова Г. Вам и не снилось. - Москва : Эксмо, 2009
333 Примечание о целевом назначении __
a Примечание о целевом назначении 16+
606 Тематические рубрики __
a Основная рубрика Художественная литература
606 Тематические рубрики __
a Основная рубрика Русская литература Новейшего времени (произведения)
610 Ключевые слова 1_
a Ключевые слова книги для слабовидящих
a Ключевые слова крупношрифтовые книги
a Ключевые слова подростковая литература
a Ключевые слова русская современная литература
a Ключевые слова социальная проза
a Ключевые слова тема становления героя
a Ключевые слова тема подростков
a Ключевые слова тема первой любви
a Ключевые слова тема школы
a Ключевые слова тема дружбы
a Ключевые слова экранизации
a Ключевые слова повести
686 Индексы других классификаций __
2 Код системы rubbk
a Индекс ББК Ст 84(2=411.2)6-44
700 Автор _1
a Фамилия Щербакова
b Имя Г. Н.
g Полное личное имя Галина Николаевна
4 Код отношения 070
f Даты 1932-2010
801 Источник записи _0
b Организация Центральная районная библиотека им. Г. А. Пирожникова
a Страна RU
c Дата составления 20241007
g Правила каталогизации bzbo
801 Источник записи _1
b Организация Центральная районная библиотека им. Г. А. Пирожникова
a Страна RU
c Дата составления 20241007
g Правила каталогизации bzbo
852 Данные о местонахождении __
j Шифр хранения 84(2=411.2)6
i Авторский знак Щ 612
901 Тип документа __
t Тип документа m
902 Роль лиц __
a Создатель БЗ ОКиО/Шумских